The Owl House Character Quiz - Statistics

General Stats
  • This quiz has been taken 55 times
  • The average score is 21 of 26
Answer Stats
Picture Answer % Correct
Amity Blight
98%
Edric Blight
98%
King Clawthorne
98%
Luz Noceda
98%
Edalyn Clawthorne
94%
Hooty
94%
Willow Park
94%
Hunter
92%
Augustus Porter
90%
Lilith Clawthorne
88%
Philip Wittebane
85%
Vee
85%
Flapjack (RIP)
83%
Raine Whispers
83%
The Collector
83%
Emira Blight
81%
Owlbert
77%
Boscha
75%
Camila Noceda
75%
Hieronymus Bump
73%
Kikimora
73%
Odalia Blight
69%
Darius Deamonne
63%
Matt Tholomule
63%
Tinella Nosa
60%
Alador Blight
58%
No matching quizzes found
Score Distribution
Percent of People with Each Score
Percentile by Number Answered
Your Score History
You have not taken this quiz